LEADER 01747nas 2200517- 450 001 9910340172803321 005 20230330001549.0 035 $a(CKB)3370000000000677 035 $a(CONSER)--2013204321 035 $a(MiAaPQ)44704 035 $a(EXLCZ)993370000000000677 100 $a20130131b20132013 --- a 101 0 $aeng 181 $ctxt$2rdacontent 182 $cc$2rdamedia 183 $acr$2rdacarrier 200 00$aProperty casualty 360 210 1$aErlanger, Ky. :$cNational Underwriter Co.,$d[2013]- 215 $a1 online resource 311 08$aPrint version: Property casualty 360. 2326-8670 (DLC) 2013204321 (OCoLC)826184305 517 3 $aProperty casualty three hundred sixty 517 3 $aProperty casualty 360 National Underwriter 606 $aProperty insurance$vPeriodicals 606 $aCasualty insurance$vPeriodicals 606 $aEmployee fringe benefits$vPeriodicals 606 $aRisk (Insurance)$vPeriodicals 606 $aCasualty insurance$2fast$3(OCoLC)fst01715790 606 $aEmployee fringe benefits$2fast$3(OCoLC)fst00908971 606 $aProperty insurance$2fast$3(OCoLC)fst01715900 606 $aRisk (Insurance)$2fast$3(OCoLC)fst01098134 608 $aPeriodicals.$2fast 615 0$aProperty insurance 615 0$aCasualty insurance 615 0$aEmployee fringe benefits 615 0$aRisk (Insurance) 615 7$aCasualty insurance. 615 7$aEmployee fringe benefits. 615 7$aProperty insurance. 615 7$aRisk (Insurance) 676 $a368.1 712 02$aNational Underwriter Company, 906 $aJOURNAL 912 $a9910340172803321 920 $aexl_impl conversion 996 $aProperty casualty 360$92363435 997 $aUNINA LEADER 01022nam0 2200253 i 450 001 VAN0062027 005 20071109120000.0 010 $a978-31-10-19548-4 100 $a20071109d2007 |0itac50 ba 101 $aeng 102 $aUS 105 $a|||| ||||| 200 1 $aOld Age in the Middle Ages and the Renaissance$einterdisciplinary approaches to a neglected topic$fedited by Albrecht Classen 210 $aNew York$cWalter De Gruyter$d2007 215 $a575 p.$d24 cm. 620 $aUS$dNew York$3VANL000011 702 1$aClassen$bAlbrecht$3VANV049006 712 $aDe Gruyter $3VANV109804$4650 801 $aIT$bSOL$c20240802$gRICA 899 $aBIBLIOTECA DEL DIPARTIMENTO DI LETTERE E BENI CULTURALI$1IT-CE0103$2VAN07 912 $aVAN0062027 950 $aBIBLIOTECA DEL DIPARTIMENTO DI LETTERE E BENI CULTURALI$d07CONS VD 422 $e07 17985 20071112 996 $aOld Age in the Middle Ages and the Renaissance$91415626 997 $aUNICAMPANIA LEADER 02309nam0 2200481 i 450 001 VAN00052193 005 20260324014620.494 010 $a978-35-405-7378-4 100 $a20060913d1993 |0itac50 ba 101 $aeng 102 $aDE 105 $a|||| ||||| 181 $ai$b e 182 $an 183 $anc 200 1 $aTopological methods for variational problems with symmetries$fThomas Bartsch 210 $aBerlin [etc.]$cSpringer$d1993 215 $aX, 152 p.$d24 cm 461 1$1001VAN00102250$12001 $aLecture notes in mathematics$1210 $aBerlin [etc.]$cSpringer$v1560 500 1$3VAN00303865$aTopological methods for variational problems with symmetries$978641 606 $a34Cxx$xQualitative theory for ordinary differential equation [MSC 2020]$3VANC020690$2MF 606 $a35J20$xVariational methods for second-order elliptic equations [MSC 2020]$3VANC029094$2MF 606 $a55M30$xLyusternik-Shnirel'man category of a space, topological complexity à la Farber, topological robotics (topological aspects) [MSC 2020]$3VANC022685$2MF 606 $a55P91$xEquivariant homotopy theory in algebraic topology [MSC 2020]$3VANC022686$2MF 606 $a58Exx$xVariational problems in infinite-dimensional spaces [MSC 2020]$3VANC022687$2MF 610 $aAlgebraic Topology$9KW:K 610 $aBifurcation theory$9KW:K 610 $aCritical point theory$9KW:K 610 $aDynamical systems$9KW:K 610 $aEquivariant topology$9KW:K 610 $aMinimum$9KW:K 610 $aVariational problems$9KW:K 620 $dBerlin$3VANL000066 700 1$aBartsch$bThomas$3VANV041079$060120 712 $aSpringer $3VANV108073$4650 790 1$aBartsch, T.$zBartsch, Thomas$3VANV260340 801 $aIT$bSOL$c20260327$gRICA 856 4 $u/sebina/repository/catalogazione/documenti/Bartsch - Topological methods for variational problems with symmetries.pdf$zContents 899 $aBIBLIOTECA DEL DIPARTIMENTO DI MATEMATICA E FISICA$1IT-CE0120$2VAN08 912 $aVAN00052193 950 $aBIBLIOTECA DEL DIPARTIMENTO DI MATEMATICA E FISICA$d08PREST 34-XX 0270 $e08 2691 I 20060913 996 $aTopological methods for variational problems with symmetries$978641 997 $aUNICAMPANIA